00733nam a22001817a 4500003000500000038001800005082000800023100002600031245017700057264003300234300002400267650004400291700004000335856005800375942001200433999001900445952008700464NUST aNusrat Nadeem a200 aSadia, Khansa9125141 aIdentification of the Barriers to Implementation of Blockchain Technology in Cold Food Supply Chain: An Integrated Approach of Fuzzy DEMATEL and Fuzzy-SBWM/cKhansa Sadia,  aIslamabad;bNBS NUST;c2024. a86,p;bill;c30,cm. aMS-Operations and Supply Chain 9122989 aSupervisor: Dr. Waqas Ahmed9118335 u http://10.250.8.41:8080/xmlui/handle/123456789/45388 2ddccSC c610921d610921 00104070aCLbCLcTHEd2024-08-15l0o200pCL-T-7225r2024-08-15w2024-08-15ySC